| 000 | 00870nam a22002177a 4500 | ||
|---|---|---|---|
| 005 | 20240530110445.0 | ||
| 008 | 150427s2012 ua f 000 0 ara d | ||
| 017 |
_a2012/3597 _bمصر . دار الكتب المصرية |
||
| 020 | _a9789772071439 | ||
| 040 | _aEG-CaGPL | ||
| 082 | 0 | 4 |
_221 _a920 _bق/إ أ |
| 100 | 0 | _aاسماعيل النقيب | |
| 245 | 1 | 0 |
_aاسرار الزعماء .. و فضائح العملاء : _bمذكرات سياسية فى نصف قرن / _cبقلم اسماعيل النقيب . |
| 260 |
_aالقاهرة : _bالهيئة المصرية العامة للكتاب ، _c2012. |
||
| 300 |
_a160 ص ؛ _c20 سم. |
||
| 650 | 0 | 4 |
_aالمصريون _vتراجم. |
| 650 | 0 | 4 |
_aالوزراء _zمصر _vتراجم. |
| 651 | 0 | 4 |
_aمصر _xالاحوال السياسية. |
| 942 |
_2ddc _cBK |
||
| 999 |
_c61121 _d61121 |
||